00623nam a2200157 a 450000100100000000500170001000800410002704000250006810000260009324500720011926000500019130000200024104900090026195201780027099900170044800003579320200930074621.0111114s1914 fr 000 0 spa d aDO-SdBNPbspacBNPHU1 aNattier, J. M.96174310aJ. M. Nattier :bles peintres illustres 1685-1766 /cJ. M. Nattier. aParis :bPierre Lafitte et C editeurs,c1914. a80 p. ;c20 cm. aBNPD 001050718MOaGRbGRcCTd2011-11-14iLF1l0o p35793-10r2020-06-25w2020-06-25y1zPerteneció a la biblioteca personal de Juan Isidro Jimenes Grullón.ZNo se presta c35284d35284